000 00960nmm a2200289 a 4500
001 ocm0001864991
003 TR-IsHL
005 20201028172310.0
008 180520s2012 tu tur
007 cr cn
020 _a9786055642396
035 _a1864991
_b(N$T)
050 0 4 _aPL248.K363
_bB37 2012
090 0 4 _aPL248.K363
_bB37 2012
100 1 _aKanargı, Ömer Buğra
245 1 0 _aBarbaros Hayrettin Paşa: haç ve kılıç
_h[electronic resource] /
_cÖmer Buğra Kanargı
250 _aBirinci basım
260 _aİstanbul :
_bBilge Karınca,
_c2012
300 _a128 p.
500 _aYapıt adı başında : Büyük Türk romanı
_x
650 4 _aDil ve Edebiyat
650 4 _aLanguage and Literature
650 0 _aTürk romanı
650 0 _aTurkish fiction
650 7 _aLITERARY COLLECTIONS / Middle Eastern
_2bisacsh
856 4 0 _uhttp://search.ebscohost.com/login.aspx?direct=true&scope=site&db=e011xww&AN=1864991
999 _c17131
_d17131